| 000 | 00664nam a22002177a 4500 | ||
|---|---|---|---|
| 005 | 20170124110208.0 | ||
| 010 | _aB-036245 | ||
| 020 | _c250.00 | ||
| 035 | _aB-036245 | ||
| 037 | _bCen Lib/Ret | ||
| 040 |
_aDPL _bEN |
||
| 082 |
_a000 _bACA |
||
| 245 |
_aAcademic master of business administration / _cby B.L. Arora...[et al.] |
||
| 260 |
_aNew Delhi _bAcademic Publishers _c1988 |
||
| 270 |
_aB-9, Ratan Jyoti Building ,18 Rajendra Place _bNew Delhi _e110008 |
||
| 300 |
_aVarious Pages _c26cm(Hb) |
||
| 650 |
_aCommerce _937692 |
||
| 650 |
_aBusiness - Management _937693 |
||
| 700 |
_96520 _aArora, B.L. |
||
| 942 |
_2ddc _cEN _h000 _mACA |
||
| 999 |
_c133352 _d133352 |
||